Normal view
MARC view
- Dr. Qaiser Malik
Entry Personal Name
001 - CONTROL NUMBER
- control field: 31435
003 - CONTROL NUMBER IDENTIFIER
- control field: NUST
005 - DATE AND TIME OF LATEST TRANSACTION
- control field: 20201013123800.0
008 - FIXED-LENGTH DATA ELEMENTS
- fixed length control field: 201013|| aca||aabn | a|a d
040 ## - CATALOGING SOURCE
- Original cataloging agency: NUST
- Transcribing agency: NUST
100 ## - HEADING--PERSONAL NAME
- Personal name: Dr. Qaiser Malik
670 ## - SOURCE DATA FOUND
- Source citation: Work cat.: (NUST): Hamza, Ameer 31434, Role of Measurement in Engineering Education: , 2013.
